000 00664nam a2200253Ia 4500
001 39553
005 20240114002057.0
007 ta
008 070828s1960 g b000 u 098 u
040 _aCotton College,Assam
041 _a098
082 _a297
_bSa 15 F
100 _aAshlani , Sadaruddin .
245 0 _aFarizai-E-Aqmaat-E-Din /
_cSadaruddin Ashlani.
_hTextual Documents
250 _a1st ed. /
260 _aDelhi :
_bZamat-E-Islami ,
_c1960.
300 _a167p. ;
_c22cm.
653 _aReligion-Islam
653 _aIslamic Religion
653 _aG-Arabic & Persian
942 _2ddc
_cBK
999 _c39525
_d39525